Hiszpańscy piłkarze - nagła śmierć - Statystyki

Ogólne statystyki
  • Ten quiz został rozwiązany 303 razy
  • Średni wynik to 11 z 14
Answers on the Grid
Answers color-coded by a green-red scale on the quiz's grid according to % correct below.
Sergio Ramos
Luis Figo
Gerard Piqué
Javier Zanetti
Riccardo Montolivo
David De Gea
Alessandro Del Piero
Antonio Di Natale
César Azpilicueta
Sergio Busquets
Andrés Iniesta
Cesc Fàbregas
Iker Casillas
Rui Costa
Fernando Torres
Rafael Leão
Isco Alarcón
Carlos Tévez
Raúl González
Jordi Alba
Luka Modrić
Giovanni Van Bronckhorst
Fabio Cannavaro
Mirko Vučinić
Álvaro Morata
Daniele De Rossi
Riccardo Saponara
Juan Mata
 
Statystyki odpowiedzi
Odpowiedź % Poprawnych
Sergio Ramos
97%
Gerard Piqué
90%
Andrés Iniesta
86%
Sergio Busquets
84%
David De Gea
83%
Iker Casillas
82%
Fernando Torres
81%
Álvaro Morata
80%
César Azpilicueta
79%
Cesc Fàbregas
77%
Jordi Alba
75%
Juan Mata
71%
Raúl González
70%
Isco Alarcón
64%
Nie znaleziono quizów pasujących do podanych kryteriów
Rozkład punktacji
Procent ludzi z każdym wynikiem
Percentyl według liczby udzielonych odpowiedzi
Twoja historia wyników
Nie rozwiązałeś tego quizu